000 00409nam a2200181Ia 4500
008 090124s9999 xx 000 0 und d
082 _b30036
100 _aTWAIN MARK
245 _aTHE FAMILY MARK TWAIN
250 _a0
260 _c1988
300 _a1462
600 _aTWAIN MARK
630 _aTHE FAMILY MARK TWAIN
700 _aTWAIN MARK
730 _aTHE FAMILY MARK TWAIN
942 _cBOOK
999 _c95776
_d95776